00161nam a2200061Ia 4500008004100000100001900041245003900060120527s9999 xx 000 0 und d aWilson T. Hugh aDrugs, Society and behaviour 97/98